00336nam a2200133Ia 4500003000400000008004100004020002300045040000800068100001700076245005600093260002800149300001300177365001200190LDD181029s9999 xx 000 0 und d a3540296400cE49.95 cLDD aWoo, Jaejoon 4aThe political economy of fiscal policycJaejoon Woo aGermanybSpringerc2006 ax, 169p. bE 49.95